Wird geladen...

Love in the rain

Bibliographische Detailangaben
1. Verfasser: Mahfouz
Veröffentlicht: Cairo Press 2011
LEADER 00183 a2200097 4500
020
260 |b Cairo Press  |c 2011 
942 |c BK  |6 _ 
245 |a Love in the rain 
100 |a Mahfouz 
999 |c 63407  |d 63407